|
|
|
|
| LEADER |
01061nam a2200253 a 4500 |
| 001 |
3996597 |
| 008 |
090601s1997 ohua b 001 0 eng d |
| 010 |
|
|
|a 96006330
|
| 020 |
|
|
|a 0538850779
|
| 040 |
|
|
|a DLC
|c DLC
|d DLC
|
| 082 |
0 |
0 |
|a 658.02/2
|2 20
|
| 100 |
1 |
|
|a Longenecker, Justin Gooderl,
|d 1917-
|
| 245 |
1 |
0 |
|a Small business management :
|b an entrepreneurial emphasis /
|c Justin G. Longenecker, Carlos W. Moore, J. William Petty.
|
| 250 |
|
|
|a 10th ed.
|
| 260 |
|
|
|a Cincinnati, Ohio :
|b South-Western College Pub.,
|c c1997.
|
| 300 |
|
|
|a xxx, 730 p. :
|b ill. (some col.) ;
|c 26 cm.
|
| 504 |
|
|
|a Includes bibliographical references and index.
|
| 541 |
1 |
|
|e 00014769
|
| 650 |
|
0 |
|a Small business
|x Management.
|
| 700 |
1 |
|
|a Moore, Carlos W.
|
| 700 |
1 |
|
|a Petty, J. William,
|d 1942-
|
| 852 |
4 |
|
|a Ayesha Abed Library
|j General Shelf.
|
| 999 |
|
|
|c 1224
|d 1224
|
| 952 |
|
|
|0 0
|1 0
|2 ddc
|4 0
|6 658_022000000000000_LON
|7 0
|9 1111
|a BRACUL
|b BRACUL
|c GEN
|d 2009-06-25
|g 0.00
|l 2
|m 15
|o 658.022 LON
|p 3010014769
|r 2025-06-19
|s 2025-05-05
|t 1
|w 2009-06-25
|y BK
|x No price found in the accession register.
|